000 00400nam a22001577a 4500
003 OSt
005 20140401141327.0
008 140401b xxu||||| |||| 00| 0 eng d
020 _a0935607048
050 _aQ 164
_b.K64 1993
245 _aScience Arts /
_cMary Ann Kohl
260 _aUSA ;
_bBright Ring Publishing,
_c1993.
300 _a141 p. :
_bill. ;
_c21 cm.
942 _2lcc
_cBK
999 _c57956
_d57956